000 00512nam a2200169 a 4500
001 000048488
005 20201002061205.0
008 190325s2015 dr r 000 spa d
020 _a9789945484151
040 _aDO-SdBNP
_bspa
_cBNPHU
082 _axxx
_bA696s
100 _aArias, Miguel Ángel
_970794
245 0 _aSabiduría para adquirir abundancia. /
_cMiguel Ángel Arias.
260 _aSanto Domingo :
_bGrupo Editorial Montaño,
_c2015.
300 _a97 p. ;
_c17 cm.
590 _aInventariado, 2019 / DG
999 _c47976
_d47976